LEADER 00374nas 2200157z- 450 001 9910875872803321 035 $a(CKB)4920000003130731 035 $a(EXLCZ)994920000003130731 100 $a20240102cuuuuuuuu -u- - 101 0 $aeng 200 00$aFormulary 210 $aUnited States 906 $aJOURNAL 912 $a9910875872803321 996 $aFormulary$92302226 997 $aUNINA